The parity penalty in life course perspective: Motherhood and occupational status in 13 European countries (Record no. 106708)

000 -LEADER
fixed length control field 00525pab a2200181 454500
008 - FIXED-LENGTH DATA ELEMENTS--GENERAL INFORMATION
fixed length control field 180718b2014 xxu||||| |||| 00| 0 eng d
100 ## - MAIN ENTRY--PERSONAL NAME
Personal name Abendroth, Anja-Kristin
245 ## - TITLE STATEMENT
Title The parity penalty in life course perspective: Motherhood and occupational status in 13 European countries
260 ## - PUBLICATION, DISTRIBUTION, ETC.
Date of publication, distribution, etc. 2014
300 ## - PHYSICAL DESCRIPTION
Extent p.993-1014
362 ## - DATES OF PUBLICATION AND/OR SEQUENTIAL DESIGNATION
Dates of publication and/or sequential designation Oct
650 ## - SUBJECT ADDED ENTRY--TOPICAL TERM
Topical term or geographic name entry element Occupational status
700 ## - ADDED ENTRY--PERSONAL NAME
Personal name Treas, Judith
700 ## - ADDED ENTRY--PERSONAL NAME
Personal name Huffman, Matt L.
773 ## - HOST ITEM ENTRY
Main entry heading American Sociological Review
908 ## - PUT COMMAND PARAMETER (RLIN)
Put command parameter N
909 ## -
-- 106713
Holdings
Withdrawn status Lost status Damaged status Not for loan Permanent Location Current Location Date acquired Serial Enumeration / chronology Barcode Date last seen Price effective from Koha item type
        Indian Institute of Public Administration Indian Institute of Public Administration 2018-07-19 Volume no: 79, Issue no: 5 AR107173 2018-07-19 2018-07-19 Articles

Powered by Koha